000
00257nam a2200097Ia 4500
001
920754
005
20250826191413.0
008
250824s9999 xx 000 0 und d
245
0
_a
GÖKTANRININ ÇOCUKLARI
_c
AHMET HALDUN TERZİOĞLU
260
_b
PANAMA YAYINLARI
999
_c
920754
_d
920754